000 00418nam a2200145Ia 4500
008 100122s9999 xx 000 0 und d
082 _b32018
_a821
100 _aधुळे प्रकाश
245 _aरक्तचांदणी
260 _bप्र.ना.शेणई
_c1982
300 _a64
630 _aरक्तचांदणी
730 _aरक्तचांदणी
942 _cBOOK
999 _c416509
_d416506